| Tag |
First Indicator |
Second Indicator |
Subfields |
| LEADER |
00000cam a22000001 4500 |
| 001 |
in00000241069 |
| 005 |
20151009092447.0 |
| 008 |
710125s1969 nyu 00010 eng |
| 010 |
|
|
|a 68022504
|
| 035 |
|
|
|a (OCoLC)00442500
|
| 035 |
|
|
|9 ABA5828AM
|
| 040 |
|
|
|a DLC
|c DLC
|d TXA
|d UtOrBLW
|
| 049 |
|
|
|a TXAM
|c [950588]
|
| 050 |
0 |
0 |
|a HE9784.5.U5
|b S45
|
| 082 |
0 |
|
|a 614.8/69
|
| 100 |
1 |
|
|a Serling, Robert J.
|
| 245 |
1 |
0 |
|a Loud and clear ;
|b the full answer to aviation's vital question: Are the jets really safe? /
|c By Robert J. Serling.
|
| 250 |
|
|
|a [1st ed.].
|
| 264 |
|
1 |
|a Garden City, N.Y. :
|b Doubleday,
|c 1969.
|
| 300 |
|
|
|a 327 pages ;
|c 22 cm.
|
| 336 |
|
|
|a text
|b txt
|2 rdacontent
|
| 337 |
|
|
|a unmediated
|b n
|2 rdamedia
|
| 338 |
|
|
|a volume
|b nc
|2 rdacarrier
|
| 536 |
|
|
|a Gift of Ben Allen Jr. '56.
|
| 650 |
|
0 |
|a Aircraft accidents.
|
| 650 |
|
0 |
|a Aeronautics
|x Safety measures.
|
| 999 |
|
|
|a MARS
|
| 999 |
f |
f |
|s b82d7ff1-cce7-3df7-9ab2-2bd02c37c1cf
|i 2b322514-51ba-374c-9c35-803ced24aebe
|t 0
|
| 952 |
f |
f |
|p normal
|a Texas A&M University
|b College Station
|c Sterling C. Evans Library
|d Evans: Library Stacks
|t 0
|e HE9784.5.U5 S45
|h Library of Congress classification
|i unmediated -- volume
|m A14802761081
|
| 998 |
f |
f |
|a HE9784.5.U5 S45
|t 0
|l Evans: Library Stacks
|